Państwa dotykające równika lub południka zerowego - Statystyki

Ogólne statystyki
  • Ten quiz został rozwiązany 9 777 razy
  • Średni wynik to 16 z 19
Odpowiedzi na mapie
Odpowiedzi zakodowano w zielono-czerwonej skali na mapie do tego quizu, zgodnie z poniższymi procentami.
 
Statystyki odpowiedzi
Państwo % Poprawnych
Brazylia
99%
Francja
98%
Wielka Brytania
96%
Hiszpania
94%
Indonezja
94%
Kolumbia
94%
Algieria
92%
Demokratyczna Republika Konga
91%
Ekwador
90%
Kongo
86%
Mali
82%
Kenia
80%
Somalia
74%
Ghana
73%
Uganda
71%
Togo
70%
Gabon
69%
Burkina Faso
68%
Wyspy Świętego Tomasza i Książeca
62%
Nie znaleziono quizów pasujących do podanych kryteriów
Rozkład punktacji
Procent ludzi z każdym wynikiem
Percentyl według liczby udzielonych odpowiedzi
Twoja historia wyników
Nie rozwiązałeś tego quizu